Adjustments to the gini coefficient for measuring economic inequality

Αποθηκεύτηκε σε:
Λεπτομέρειες βιβλιογραφικής εγγραφής
Κύριος συγγραφέας: Αθανασίου, Λεωνίδας
Μορφή: Βιβλίο
Γλώσσα:English
Δημοσίευση: Athens : Centre of Planning and Economic Research, 1990
Σειρά:Εργασίες για συζήτηση = Discussion papers ; ; 2
Θέματα:
Ετικέτες: Προσθήκη ετικέτας
Δεν υπάρχουν, Καταχωρήστε ετικέτα πρώτοι!

MARC

LEADER 00000cam a2200000 i 4500
001 1/103992
008 950526s1990 eng d
035 |l 10013100 
040 |a GR-MY-UA  |b gre  |e aacr 
041 0 |a eng 
082 0 |a 331.2164 
100 1 |a Αθανασίου, Λεωνίδας. 
245 1 0 |a Adjustments to the gini coefficient for measuring economic inequality /  |c L. Athanassiou 
260 |a Athens :   |b Centre of Planning and Economic Research,   |c 1990 
300 |a 25 p.  |b fig. 
490 1 |a Discussion papers  |v ; 2 
504 |a Includes bicliogrphical references 
650 0 0 |a Wages and labor productivity. 
830 0 |a Εργασίες για συζήτηση = Discussion papers ;  |v ; 2 
852 |a INST  |b LESVOS  |e 19950526  |h 331.2164 ΑΘΑ  |p 005100000451  |q 005100000451  |t BK  |y 0 
909 |a Λ  |b 022471 
970 |z 2000/05/ΟΙΚΟΝΟΜΟΠΟΥΛΟΥ ΧΡΙΣΤΙΝΑ